Statistiques concernant Pays ayant accueillit un gp de formule 1

Cliquez ici pour prendre le quiz!

Statistiques générales

  • Ce quiz a été pris 88 fois
  • Le résultat moyen est 1 sur 33

Réponses sur la Carte

Les réponses sont colorées sur une échelle allant du rouge au vert en fonction du pourcentage des utilisateurs qui les ont devinées à leur premier essai. Vous pouvez retrouver ces pourcentages ci-dessous.
 

Statistiques - réponses

Réponse% Correct
France
22%
États-Unis
20%
Australie
17%
Hongrie
9%
Monaco
7%
Argentine
6%
Royaume-Uni
6%
Singapour
6%
Bahreïn
4%
Malaisie
4%
Mexique
4%
Turquie
4%
Allemagne
3%
Arabie Saoudite
3%
Canada
3%
Émirats arabes unis
3%
Inde
3%
Portugal
3%
Suède
3%
Afrique Du Sud
1%
Autriche
1%
Azerbaïdjan
1%
Chine
1%
Corée Du Sud
1%
Qatar
1%
Russie
1%
Suisse
1%
Belgique
0%
Brésil
0%
Italie
0%
Japon
0%
Maroc
0%
Pays Bas
0%

Distribution des résultats

Percentile par nombre de réponses

% des personnes avec chaque résultat

Votre développement - résultats

Vous n’avez pas pris ce quiz